Classic Books by Emoji 3 - Statistics

General Stats
  • This quiz has been taken 40 times
  • The average score is 4 of 15
Answer Stats
Hint Answer % Correct
🍇😡 The Grapes of Wrath
81%
🕷️🕸️👍🐷 Charlotte’s Web
72%
🚶‍♂️➡️🪲 The Metamorphosis
69%
⚰️🧠➕🫀➕⚡️🟰🚶‍♂️❓ Frankenstein
47%
⬇️🫅 The Little Prince
39%
👋💨 Gone with the Wind
28%
🟥➕⬛️ The Red and the Black
22%
🐢➕🐇/👦🗣️🐺 Aesop’s Fables
19%
⛵️🚫⬇️🚶‍♂️🚶‍♂️ ⛵️ ⬆️🚶‍♂️🚶‍♂️⛵️🗣️🐴⛵️☁️👨‍🔬👨‍🔬 Gulliver’s Travels
11%
🪆🏠 A Doll’s House
8%
🖼️👩‍🦳 The Portrait of a Lady
8%
👨👀👉 1984
6%
🧔‍♂️🎁👀🔴🔵🟡👦 The Giver
6%
👱‍♂️🗡️🐉➕🐉🤰 Beowulf
3%
➡️⬅️☀️🌌😴💭 A Midsummer Night’s Dream
0%
No matching quizzes found
Score Distribution
Percent of People with Each Score
Percentile by Number Answered
Your Score History
You have not taken this quiz